000 00655nam a2200229 a 4500
999 _c9206
_d9206
001 9206
003 BD-JhCC
005 20180314182202.0
008 171031s1974 bg |||| |||| 000 0 ben d
035 _a(BD-JhCC) 9206
040 _aBD-JhCC
_dBD-JhCC
041 _aben
082 _a923.1
_bSID 1974
100 _aসিদ্দিকী, আনিস
245 _aসংগ্রামী সুকর্ন /
_cআনিস সিদ্দিকী
260 _aঢাকা :
_bআদিল ব্রাদার্স,
_c1974.
300 _a176 p. :
_c21 cm.
600 _aSukarno
650 _aBiography
942 _2ddc
_cBK